[Event "Petroupoli op 7th"]
[Site "Petroupoli"]
[Date "2011.11.26"]
[Round "5"]
[White "Konstantagkas, Ioannis"]
[Black "Koutsounis, Vasilios"]
[Result "0-1"]
[WhiteElo "1010"]
[BlackElo "1444"]
[PlyCount "76"]
[EventDate "2011.11.12"]
[EventType "swiss"]
[EventRounds "7"]
[EventCountry "GRE"]
[SourceTitle "EXT 2013"]
[Source "ChessBase"]
[SourceDate "2012.11.22"]
[SourceVersion "1"]
[SourceVersionDate "2012.11.22"]
[SourceQuality "1"]

1. e4 c5 2. Nf3 d6 3. Bc4 a6 4. Nc3 e6 5. d4 cxd4 6. Qxd4 Nc6 7. Qd3 Nb4 8. Qe2 Nf6 9. Bg5 Be7 10. a3 Nc6 11. 0-0 0-0 12. Bxf6 Bxf6 13. Nd2 b5 14. Bd3 Nd4 15. Qd1 Bb7 16. Qh5 g6 17. Qh6 Bg7 18. Qf4 e5 19. Qg4 Bc8 20. Qg3 Ne6 21. Nd5 Nf4 22. Nxf4 exf4 23. Qxf4 Bxb2 24. Ra2 Be5 25. Qe3 Re8 26. Nf3 Be6 27. Qh6 Bg7 28. Qc1 Bxa2 29. Ng5 Bh6 30. h4 f6 31. f4 fxg5 32. fxg5 Bg7 33. c4 Rc8 34. Qc2 Bxc4 35. Bxc4+ Rxc4 36. Qb3 Rexe4 37. Qb1 Bd4+ 38. Kh1 Rxh4# 0-1

[Event "Petroupoli op 7th"]
[Site "Petroupoli"]
[Date "2011.11.12"]
[Round "1"]
[White "Alexiadis, Christos"]
[Black "Konstantagkas, Ioannis"]
[Result "1-0"]
[WhiteElo "1643"]
[BlackElo "1010"]
[PlyCount "41"]
[EventDate "2011.11.12"]
[EventType "swiss"]
[EventRounds "7"]
[EventCountry "GRE"]
[SourceTitle "EXT 2013"]
[Source "ChessBase"]
[SourceDate "2012.11.22"]
[SourceVersion "1"]
[SourceVersionDate "2012.11.22"]
[SourceQuality "1"]

1. e4 e5 2. Nf3 Nc6 3. Bc4 Bc5 4. b4 Bxb4 5. c3 Bc5 6. d4 exd4 7. 0-0 dxc3 8. Bxf7+ Kxf7 9. Qd5+ Kf8 10. Qxc5+ Qe7 11. Qxc3 Qxe4 12. Re1 Qf5 13. Ba3+ d6 14. Nbd2 Bd7 15. Nc4 Qg6 16. Nfe5 Nxe5 17. Nxe5 Qe6 18. Qxc7 Rc8 19. Nxd7+ Kf7 20. Qxc8 Qd5 21. Qe8# 1-0